| 000 | 00838nam a2200277Ia 4500 | ||
|---|---|---|---|
| 003 | GCL | ||
| 008 | 140319s9999 xx 000 0 ara d | ||
| 040 |
_aGCL / _cGCL |
||
| 082 | 0 | 4 |
_a370.19 _bهـ ت |
| 100 | 1 | _aسعد مرسى احمد | |
| 245 | 1 | 0 |
_aالتربية والتحدى - التجربة اليابانية / _cسعد مرسى احمد |
| 700 | 1 | _aهوايت , صبرى | |
| 700 | 1 | _aكوثر حسين كوجاك | |
| 260 |
_a[S.N] : _bعالم الكتب الحديث ، _c1991 |
||
| 300 | _a342 ص | ||
| 490 | _a | ||
| 650 | 0 | 4 | _aالمجتمع |
| 650 | 0 | 4 | _aالتعليم |
| 650 | 0 | 4 | _aالتربية |
| 650 | 0 | 4 | _aالمدارس الثانوية |
| 650 | 0 | 4 | _aالمدارس الابتدائية |
| 650 | 0 | 4 | _aاليابان |
| 650 | 0 | 4 | _aالثقافة |
| 650 | 0 | 4 | _aالمدارس |
| 942 |
_2ddc _cBK |
||
| 999 |
_c32658 _d32658 |
||